Sinfonía de la armonía de las revelaciones celestiales
Uloženo v:
| Hlavní autor: | |
|---|---|
| Médium: | Kniha |
| Jazyk: | španělština |
| Vydáno: |
Madrid
Trotta
2003
|
| Edice: | Colección Estructuras y Procesos. Serie Religión
|
| Témata: | |
| Tagy: |
Přidat tag
Žádné tagy, Buďte první, kdo vytvoří štítek k tomuto záznamu!
|
MARC
| LEADER | 00000cam a2200000 a 4500 | ||
|---|---|---|---|
| 001 | UCK0594 | ||
| 003 | CL-VaPUC | ||
| 008 | 041015e20030000SP |||||||||||||||||spa|d | ||
| 020 | |a 848164644X | ||
| 082 | 0 | 4 | |a 782.25 |b BIN |2 21 |
| 100 | 0 | |a Bingen, Hildegard von |e author |9 488534 | |
| 245 | 1 | 0 | |a Sinfonía de la armonía de las revelaciones celestiales |
| 300 | |a 402 p | ||
| 942 | |c BK | ||
| 945 | |d 20041015 00:00:00 |a cmena | ||
| 260 | |a Madrid |b Trotta |c 2003 | ||
| 650 | 0 | |a Música vocal sacra |9 391250 | |
| 650 | 0 | |a Canciones sacras |9 488535 | |
| 650 | 0 | |a Sinfonías |9 353494 | |
| 650 | 0 | |a Música medieval |9 391244 | |
| 583 | |a last modification |c 20140409 05:04:50 |k Rodrigo Vera | ||
| 490 | 0 | |a Colección Estructuras y Procesos. Serie Religión | |
| 999 | |c 310969 |d 310967 | ||
| 952 | |0 0 |1 0 |4 0 |6 782_250000000000000_BIN_2003 |7 0 |8 A |9 380069 |a BIBEDU |b BIBEDU |d 2019-11-21 |i 4070836 |o 782.25 BIN 2003 |p 4070836 |r 2019-11-21 |w 2019-11-21 |y BK |k FIL | ||
| 952 | |0 0 |1 0 |4 0 |6 782_250000000000000_BIN_2003 |7 0 |8 A |9 380070 |a BIBART |b BIBART |d 2019-11-21 |i 4815513 |o 782.25 BIN 2003 |p 4815513 |r 2025-03-13 |w 2019-11-21 |y BK |k ART | ||
| 952 | |0 0 |1 0 |3 erb |4 0 |6 782_250000000000000_BIN_2003 |7 0 |8 A |9 380071 |a BIBTEO |b BIBTEO |i 5410312 |o 782.25 BIN 2003 |p 5410312 |r 2025-01-17 |w 2019-11-21 |y BK |z Catalogado en:20170721 |k ICR | ||